Estudio económico de América Latina y el Caribe 1984: Honduras
Guardado en:
| Autor Corporativo: | |
|---|---|
| Formato: | Texto |
| Publicado: |
s.l.:
CEPAL
|
| Etiquetas: |
Agregar Etiqueta
Sin Etiquetas, Sea el primero en etiquetar este registro!
|
MARC
| LEADER | 00000 a a2200000 04500 | ||
|---|---|---|---|
| 001 | 23441 | ||
| 003 | |||
| 040 | |||
| 090 | |a 163500 | ||
| 110 | |a CEPAL | ||
| 245 | |a Estudio económico de América Latina y el Caribe 1984: Honduras | ||
| 260 | |a s.l.: |b CEPAL | ||
| 300 | |a 24 p. | ||
| 999 | |c 11029 |d 11029 | ||
